header

Easier English student dictionary (Record no. 82112)

MARC details
000 -LEADER
fixed length control field 01239nam a2200337 a 4500
245 00 - TITLE STATEMENT
Title Easier English student dictionary
250 ## - EDITION STATEMENT
Edition statement 3rd ed.
260 ## - PUBLICATION, DISTRIBUTION, ETC. (IMPRINT)
Place of publication London :
Name of publisher Bloomsbury,
Year of publication 2003.
300 ## - PHYSICAL DESCRIPTION
Number of Pages 1009 p.
490 0# - SERIES STATEMENT
Series statement Bloomsbury reference
500 ## - GENERAL NOTE
General note "Upper intermediate level"--cover.
General note "Over 32,000 terms clearly defined"--cover.
650 #0 - SUBJECT ADDED ENTRY--TOPICAL TERM
Topical Term English language
700 1# - ADDED ENTRY--PERSONAL NAME
Personal name Collin, P. H.
856 40 - ELECTRONIC LOCATION AND ACCESS
Uniform Resource Identifier http://site.ebrary.com/lib/rucke/Doc?id=10404993

No items available.

© 2026 Rongo University
Contact us: librarian | system librarian | Rongo university